000 00691nam a2200229Ia 4500
003 OSt
005 20220925202559.0
006 a|||||r|||| 00| 0
007 ta
008 220923b |||||||| |||| 00| 0 eng d
037 _cGeneral Book
040 _aRTL
_cRTL
_beng
041 _2eng
_aeng
082 _aX9:75.1(X),N6, K9
100 _aSingh Kumar Ramchandra Prasad
_9263861
245 0 _aState and industrialisation of developing countrie
260 _aDelhi
_bSterling Publishers India
_c1969
300 _a146p.
_ccm.
650 _aIndustrial Economy
942 _hX9:75.1(X),N6, K9
_cGB
_2CC
999 _c543415
_d543415